000 00699nam a2200229 a 4500
005 20140221141947.0
008 140221b1983 -CN||||| |||| 00| 0 fre d
041 _afre
044 _acn
090 _aLB
_b00662
100 _aMartín, J. E. H.
_98686
245 _aInsectes et arachnides du Canada
_brecolte, preparation et conservation des insectes, des Acariens et des Araignees
260 _aOttawa
_bMinistre des Approvisionnements et Services Canada
_c1983
300 _a205 p.
650 _aInsectos
_98687
650 _aMétodos de campo
_93855
650 _aMétodos de laboratorio
_93515
650 _aAcaros
_98688
650 _aArañas
_94330
662 _aCanada
942 _cImpreso
_2z
999 _c677
_d677